A handbook of human resource management practice
| Main Author: | |
|---|---|
| Format: | Book |
| Published: |
London :
Kogan Page Ltd. ,
2001
|
| Edition: | 8th ed |
| Subjects: |
MARC
| LEADER | 00000cam a2200000 7i4500 | ||
|---|---|---|---|
| 001 | 0000059203 | ||
| 005 | 20020730.0 | ||
| 020 | |a 0749433930 | ||
| 090 | 0 | 0 | |a 658.3 |b ARM |
| 100 | 1 | |a Armstrong, Michael | |
| 245 | 1 | 2 | |a A handbook of human resource management practice |c Michael Armstrong |
| 250 | |a 8th ed | ||
| 260 | |a London : |b Kogan Page Ltd. , |c 2001 | ||
| 300 | |a 981p. ; |c 25cm. | ||
| 650 | 0 | 0 | |a Personnel management |
| 999 | |a 142530 |b BUKU |c PINJAMAN |e PERPUSTAKAAN KOMUNITI PETALING JAYA | ||